000 00336nam a2200133Ia 4500
008 150201s2012 xx 000 0 und d
082 _a618.2
_bB12K
100 _aKONAR, HIRALAL
245 _aBEDSIDE CLINICS &VIVA-VOCE IN OBSTETRICS
260 _bNCBA
_aCALCUTTA
_c2012
300 _a1-552
650 _aOBSTETRICS
942 _2ddc
_cBK
_015
999 _c1396
_d1396